000 00508nam a2200157Ia 4500
008 100122s9999 xx 000 0 und d
082 _b38464
_a915.4799
100 _aकर्णिक मधु मंगेश
245 _aजिवाभावाचा गोवा
250 _a1
260 _bप्रतिमा प्रकाशन
_c1905
300 _a154
630 _aजिवाभावाचा गोवा
730 _aजिवाभावाचा गोवा
942 _cBOOK
999 _c420608
_d420605